| 000 | 00408nam a2200169Ia 4500 | ||
|---|---|---|---|
| 008 | 221030s9999 xx 000 0 und d | ||
| 020 | _a8126142071 | ||
| 041 | _aEnglish | ||
| 082 | _a105.23 | ||
| 100 | _aV. K. Bhalla | ||
| 245 | 0 |
_aInternational Financial Management _cby V. K. Bhalla |
|
| 250 | _a9trh | ||
| 260 |
_bAnmol Pub _aNew Delhi _c2010 |
||
| 300 | _a1236 | ||
| 650 | _aManagement | ||
| 942 | _cBK | ||
| 999 |
_c9313 _d9313 |
||